00918nam a2200217 a 450000100060000000300080000600500170001400800410003103500190007204000320009104100080012308200240013110000470015524502210020225000110042326000520043430000350048650000210052150001350054265000230067773311BD-RjUL20211209082357.0170530s19571943enk 001 0 eng u a(BD-RjUL)73529 cDZMdSERdEQOaBD-RjULbeng aeng a621.3223bSME 19571 aSmith, L. Raymondq(Lewis Raymond),d1886-10aElementary applied electricity /cby L. Raymond Smith... Prepared at the request of the War department and the U. S. Office of education in conformance with official pre-induction training course outline no. PIT 101. a3rd.ed aLondon :bMcGraw-Hill book company, inc.,c1957 axiii, 311 p. :bill. ;c20 cm. a"Third edition." aFirst ed. published in 1929 under title: Direct-current electricity; 2d ed., 1933, under title: Elementary industrial electricity. 0aElectric currents.